000 00499nam a2200193Ia 4500
005 20140311163143.0
008 140130s9999 xx 000 0 und d
020 _a0590482920
050 _aPZ 7
_b.B63593Li 1995
100 _aBolognese, Don
_931358
245 _cBolognese, Don
_aLittle hawk's new name /
260 _bScholastic,
_c1995.
_aNew York :
300 _a47 p. :
_bcol. ill. ;
_c23 cm.
440 _v1
_931174
521 _aG1
526 _c260
942 _cBK
_2lcc
999 _c42042
_d42042